000 00469nam a2200157 4500
001 114040
003 ES-MaACL
005 20230906190050.0
007 t|
008 061121s1946 it r ||||1| ita d
100 1 _aPalmieri, Vincenzo Mario.
_988657
245 1 0 _aMedicina legale canonistica /
_cVincenzo Mario Palmieri.
260 _aCittá di Castello e Bari :
_bLuigi Macri,
_c1946.
300 _a345 p., 1 lám. ;
_c25 cm.
852 _aES-MaACL
_jC-4720
_bR.25189
999 _c114040
_d114040